[Event "Bled op"]
[Site "Bled"]
[Date "1995.??.??"]
[Round "4"]
[White "Praznik, Anton"]
[Black "Basagic, Zlatko"]
[Result "1/2-1/2"]
[WhiteElo "2265"]
[BlackElo "2395"]

1.e4 g6 2.d4 Bg7 3.Nc3 c6 4.Nf3 d5 5.h3 e6 6.Be2 Ne7 7.O-O b6 8.Bf4 Ba6 9.Re1 O-O
10.Bxa6 Nxa6 11.Qe2 Nc7 12.Rad1 a6 13.Be5 Nb5 14.Bxg7 Kxg7 15.Nxb5 axb5 16.a3 dxe4
17.Qxe4 Qd5 18.Qxd5 Nxd5 19.c3 c5 20.Kf1 Rfd8 21.g3 Rd6 22.Ke2 f6 23.Rd2 g5
24.Kd1 h5 25.Kc2 Rad8 26.Red1 g4 27.hxg4 hxg4 28.Nh4 c4 29.Re2 Rh8 30.Ree1 f5
31.Re5 Kf6 32.Rde1 Nc7 33.Kd2 Rd5 34.Rxd5 Nxd5 35.Re5 Rd8 36.Ng2 Rh8 37.Nh4 f4
38.Re4 Rh5 39.Ke1 e5 40.Rxe5 Rxe5+ 41.dxe5+ Kxe5 42.Ng6+ Ke4 43.Nxf4 Nxf4
44.gxf4 Kxf4 45.Kd2 Kf3 46.Ke1 Kg2 47.Ke2 Kg1 48.Ke1  1/2-1/2

[Event "SWE-ch"]
[Site "Borlange"]
[Date "1995.??.??"]
[Round "1"]
[White "Degerman, Lars"]
[Black "Backelin, Rikard"]
[Result "1/2-1/2"]
[WhiteElo "2485"]
[BlackElo "2310"]

1.e4 g6 2.d4 Bg7 3.Nc3 c6 4.Nf3 d6 5.Be3 Nf6 6.Be2 O-O 7.O-O Nbd7 8.a4 e5
9.a5 Qe7 10.d5 cxd5 11.exd5 Ng4 12.Bg5 f6 13.Bc1 Nh6 14.Nb5 Nb8 15.Nd2 a6
16.Nc3 f5 17.Nc4 Nd7 18.f4 Nf7 19.Na4 Rb8 20.Ncb6 Nxb6 21.Nxb6 exf4 22.Rxf4 Be5
23.Rf2 Qh4 24.g3 Qf6 25.c3 Ng5 26.Bxg5 Qxg5 27.Nc4 Bd7 28.Qd2 Qe7 29.Bf3 Rbe8
30.Re1 Qg7 31.Nxe5 Rxe5 32.Rxe5 Qxe5 33.Qf4 Qxf4 34.gxf4 Rc8 35.Rd2 Rc5 36.Rd4 Rxa5
37.Rc4 Rc5 38.Rxc5 dxc5 39.d6 b6 40.Bd5+ Kg7 41.Kf2 Kf6 42.h4 Be6 43.Bc6 Kf7
44.Ke3 Bc4 45.Bd7 a5 46.Kd2 b5 47.Kc2 b4  1/2-1/2

[Event "SWE-ch"]
[Site "Borlange"]
[Date "1995.??.??"]
[Round "9"]
[White "Schneider, Lars Ake"]
[Black "Backelin, Rikard"]
[Result "1-0"]
[WhiteElo "2420"]
[BlackElo "2310"]

1.e4 g6 2.d4 Bg7 3.Nc3 c6 4.Nf3 d6 5.Be2 Nf6 6.O-O O-O 7.h3 Nbd7 8.a4 a5
9.Be3 e5 10.dxe5 dxe5 11.Nd2 Nb6 12.Nc4 Nxc4 13.Qxd8 Rxd8 14.Bxc4 Be6 15.Bxe6 fxe6
16.Rfd1 Bf8 17.f3 Kf7 18.Rxd8 Rxd8 19.Rd1 Rxd1+ 20.Nxd1 Nd7 21.Kf1 Bd6 22.Ke2 Bc7
23.b3 Ke7 24.Nb2 b6 25.Nc4 b5 26.axb5 cxb5 27.Na3 b4 28.Nc4 Nb8 29.Kd3 Nc6
30.Nb2 Kd6 31.Kc4 h5 32.Kb5 Bd8 33.Nc4+ Kd7 34.Bc5 h4 35.Bf2 Bc7 36.Bc5 Bd8
37.Be3 Bc7 38.Nb6+ Bxb6 39.Kxb6 Kd6 40.Bc5+ Kd7 41.Kb5 Kc7 42.Bf2 Kd6 43.Bxh4 Nd4+
44.Kxa5 Nxc2 45.Bf2  1-0

[Event "Brussels op"]
[Site "Brussels"]
[Date "1995.??.??"]
[Round "?"]
[White "Cornil, E."]
[Black "Carlier, Bruno"]
[Result "0-1"]
[WhiteElo "2115"]
[BlackElo "2350"]

1.d4 g6 2.e4 Bg7 3.Nc3 c6 4.Nf3 d5 5.Be2 Bg4 6.Be3 Nf6 7.e5 Nfd7 8.h3 Bxf3
9.gxf3 e6 10.h4 h5 11.Qd2 Bf8 12.Bd3 Be7 13.O-O-O b5 14.Rdg1 Nb6 15.Bg5 Bxg5
16.Rxg5 N8d7 17.Qf4 Qe7 18.Rhg1 O-O-O 19.Qd2 Kb8 20.f4 Ka8 21.R1g3 Nc4 22.Bxc4 bxc4
23.Na4 Rb8 24.Qc3 Rb5 25.Qa3 Qxa3 26.Rxa3 Rhb8 27.Rc3 Rb4 28.b3 cxb3 29.axb3 Rc8
30.f5 gxf5 31.Rd3 c5 32.Rxh5 cxd4 33.f4 Nf8 34.Rh8 Rbb8 35.h5 Nd7 36.Rxc8 Rxc8
37.Rh3 Kb7 38.Kd2 Kc7 39.Kd3 Kd8 40.h6 Ke7 41.h7 Rh8 42.Kxd4 Nf8 43.Nc3 Ng6
44.Ke3 d4+ 45.Kxd4 Nxf4 46.Rh4 Ng6 47.Rh3 f6 48.exf6+ Kxf6  0-1

[Event "Brussels op"]
[Site "Brussels"]
[Date "1995.??.??"]
[Round "?"]
[White "Van Mechelen, Jan"]
[Black "Cekro, Ekrem"]
[Result "1-0"]
[WhiteElo "2200"]
[BlackElo "2440"]

1.e4 g6 2.d4 Bg7 3.Nc3 c6 4.Be3 d6 5.Qd2 b5 6.Bd3 Nd7 7.f3 Qc7 8.a3 Nb6 9.g4 a6
10.Rd1 h5 11.gxh5 Rxh5 12.Nge2 Nf6 13.Nf4 Rh8 14.e5 dxe5 15.dxe5 Qxe5 16.Nxg6 Qc7
17.Nxh8 Bxh8 18.Bxb6 Qxb6 19.Qh6  1-0

[Event "Budapest FS07 IM-A"]
[Site "Budapest"]
[Date "1995.??.??"]
[Round "?"]
[White "Gardner, Robert"]
[Black "Ivakhin, Maxim"]
[Result "0-1"]
[WhiteElo "2185"]
[BlackElo "2240"]

1.e4 c6 2.d4 g6 3.Nc3 Bg7 4.Be3 d6 5.Nf3 b5 6.Bd3 a6 7.h3 Nd7 8.a4 Bb7 9.Qd2 Qc7
10.O-O Ngf6 11.Bh6 O-O 12.Rfe1 e5 13.dxe5 dxe5 14.Ne2 Nh5 15.g4 Nf4 16.Bxg7 Nxe2+
17.Rxe2 Kxg7 18.Qc3 Qd6 19.Rd2 Qe7 20.Rad1 b4 21.Qb3 a5 22.Bc4 Nb6 23.Be2 Bc8
24.c4 Nd7 25.Qe3 Nc5 26.b3 f6 27.Rd6 Ne6 28.Qb6 Ra6 29.Qe3 c5 30.R6d2 Nf4
31.Bf1 Ra7 32.Ne1 Rc7 33.Rd6 Ne6 34.R6d2 Rh8 35.Ng2 h5 36.Be2 Nd4 37.Qg3 hxg4
38.Bxg4 Bb7 39.Re1 Kf8 40.f4 f5 41.exf5 gxf5 42.Rxe5 Qf6 43.Rxd4 fxg4 44.Qxg4 Bc8
45.Qd1 cxd4 46.Qxd4 Rc6 47.Qd5 Qd6 48.Qxa5 Qd4+ 49.Kf1 Bxh3 50.Qxb4+ Qd6
51.c5 Qd3+ 52.Kf2 Qc2+ 53.Ke3 Qxg2 54.Qb8+ Bc8 55.Rf5+ Ke8 56.Re5+ Kd8 57.Kd4 Qf2+
58.Kc4 Qxf4+ 59.Kb5 Qf1+  0-1

[Event "Budapest FS07 IM-A"]
[Site "Budapest"]
[Date "1995.??.??"]
[Round "?"]
[White "Turzo, Attila"]
[Black "Ivakhin, Maxim"]
[Result "0-1"]
[WhiteElo "2310"]
[BlackElo "2240"]

1.e4 c6 2.d4 g6 3.Nc3 Bg7 4.Bc4 d6 5.Qf3 e6 6.Nge2 b5 7.Bb3 Bb7 8.O-O Nd7
9.Qg3 b4 10.Nd1 Ndf6 11.e5 dxe5 12.dxe5 Nd7 13.f4 Ne7 14.Ne3 O-O 15.Bd2 c5
16.Rad1 Qc7 17.Qf2 Rfd8 18.Ng3 Nb6 19.c3 a5 20.cxb4 cxb4 21.Rc1 Qd7 22.Rfd1 Rac8
23.Rxc8 Qxc8 24.Nef5 Nxf5 25.Nxf5 gxf5 26.Qxb6 Qa8 27.Qf2 Bd5 28.Rc1 Bxb3
29.axb3 Qd5 30.Be1 Qxb3 31.Qb6 Ra8 32.Qd4 Bf8 33.Rc7 Qd5 34.Qe3 a4 35.Bh4 Qd1+
36.Kf2 a3 37.Bf6 axb2 38.h3 Ra3  0-1

[Event "Spring op"]
[Site "Budapest"]
[Date "1995.??.??"]
[Round "?"]
[White "Videki, Sandor"]
[Black "Dostan, Janos"]
[Result "1-0"]
[WhiteElo "2455"]
[BlackElo "2270"]

1.e4 g6 2.d4 Bg7 3.Nc3 c6 4.Bc4 d6 5.Qf3 e6 6.Nge2 Nd7 7.h4 Ngf6 8.Bg5 b6
9.Be3 d5 10.Bb3 b5 11.a3 Nb6 12.Nf4 Nc4 13.Bxc4 bxc4 14.e5 Nd7 15.Qg3 Bf8
16.Nce2 Rb8 17.Nxe6 Qa5+ 18.Bd2 Qb6 19.Nxf8 Nxf8 20.Bc3 Bf5 21.O-O-O h5 22.Qe3 Rb7
23.f3 Kd7 24.Rhg1 Qd8 25.g4 Be6 26.Be1 Kc8 27.Nf4 Qb6 28.Qc3 hxg4 29.fxg4 c5
30.Bf2 cxd4 31.Rxd4 Qc6 32.Rgd1 Rd7 33.Qf3 g5 34.Nxd5 Kb8 35.h5 Rxd5 36.Rxd5 Nd7
37.Qe4 Re8 38.R5d4 Qb5 39.Qe3 Qb7 40.Qxg5 a6 41.Qd2  1-0

[Event "Budapest FS11 GM"]
[Site "Budapest"]
[Date "1995.??.??"]
[Round "4"]
[White "Schneider, Attila"]
[Black "Kaabi, Mejdi"]
[Result "0-1"]
[WhiteElo "2355"]
[BlackElo "2365"]

1.Nc3 g6 2.d4 Bg7 3.e4 c6 4.Bc4 b5 5.Bb3 a5 6.Qf3 e6 7.e5 a4 8.Nxb5 Qa5+
9.Nc3 axb3 10.Bd2 d5 11.exd6 bxc2 12.Nge2 Qf5 13.Bf4 g5 14.g4 Qg6 15.Nb5 Ra5
16.Nc7+ Kf8 17.Qc3 gxf4 18.Qxa5 Qe4 19.f3 Qe3 20.Nd5 exd5 21.Qc7 Ba6 22.Qxb8+ Qe8
23.Qxe8+ Kxe8 24.Rc1 Bxe2 25.Kxe2 Bxd4 26.Rxc2 Kd7 27.Rd1 Bb6 28.Rdc1 Be3
29.Rb1 Kxd6 30.b4 Ne7 31.b5 cxb5 32.Rxb5 Nc6 33.Kd3 Ra8 34.Rb3 Nd4 35.Rb6+ Ke5  0-1

[Event "Budapest FS11 GM"]
[Site "Budapest"]
[Date "1995.??.??"]
[Round "6"]
[White "Almasi, Istvan"]
[Black "Kaabi, Mejdi"]
[Result "0-1"]
[WhiteElo "2395"]
[BlackElo "2365"]

1.e4 g6 2.d4 Bg7 3.Nc3 c6 4.Bc4 b5 5.Bb3 a5 6.a3 Ba6 7.Qf3 e6 8.e5 f5 9.Nce2 Ne7
10.h4 h6 11.Nf4 Qb6 12.Be3 a4 13.Bxe6 dxe6 14.Nxe6 Kf7 15.d5 Qa5+ 16.Bd2 b4
17.Nxg7 Qxd5 18.Bxb4 Qxe5+ 19.Ne2 Bxe2 20.Qxe2 Qxe2+ 21.Kxe2 Nd5 22.Nxf5 gxf5
23.Bd2 Nd7 24.f3 h5 25.Kf2 Rab8 26.Rab1 Rhe8 27.Rhd1 Nc5 28.g3 Rb7 29.Re1 Rxe1
30.Bxe1 Ne6 31.b4 Nb6 32.Rd1 Rd7 33.Rxd7+ Nxd7 34.Bc3 Nb6 35.Bb2 Nc4 36.Bc1 Nd4
37.c3 Nb3  0-1

[Event "Budapest FS05 IM"]
[Site "Budapest"]
[Date "1995.??.??"]
[Round "7"]
[White "Toth, Andras"]
[Black "Cao Sang"]
[Result "0-1"]
[WhiteElo "2180"]
[BlackElo "2300"]

1.e4 g6 2.d4 Bg7 3.Nc3 c6 4.f4 d5 5.e5 h5 6.Be3 Nh6 7.h3 Nf5 8.Bf2 h4 9.Nf3 Nd7
10.Bd3 e6 11.O-O Bf8 12.Qd2 Be7 13.Nd1 Nf8 14.c4 Nh7 15.Ne3 Bd7 16.b3 Nf8
17.Rfc1 Ng7 18.c5 Nh7 19.b4 O-O 20.a4 Be8 21.b5 f5 22.exf6 Nxf6 23.Qc2 Nfh5
24.Bxg6 Bxg6 25.Qxg6 Nxf4 26.Qc2 Nxh3+ 27.gxh3 Rxf3 28.Qg6 Qe8 29.Qg4 Qf7
30.Rf1 Rf8 31.Bxh4 Bxh4 32.Qxh4 Qg6+ 33.Ng2 Nf5 34.Qg4 Qxg4 35.hxg4 Nxd4
36.Rxf3 Rxf3 37.Kh2 e5 38.Nh4 Rf7 39.Ng6 e4 40.Rd1 e3  0-1

[Event "Budapest FS11 GM"]
[Site "Budapest"]
[Date "1995.??.??"]
[Round "8"]
[White "Acs, Peter"]
[Black "Kaabi, Mejdi"]
[Result "1-0"]
[WhiteElo "2370"]
[BlackElo "2365"]

1.e4 g6 2.d4 Bg7 3.Nc3 c6 4.f4 d5 5.e5 h5 6.Be3 Nh6 7.h3 Nf5 8.Bf2 h4 9.Nf3 e6
10.Bd3 Bf8 11.O-O Be7 12.Qe2 a5 13.Na4 Na6 14.c3 b6 15.b3 Bb7 16.a3 Kf8 17.c4 dxc4
18.bxc4 b5 19.Rfb1 Nc7 20.Nc5 Bxc5 21.dxc5 Ng3 22.Bxg3 hxg3 23.Be4 Qe7 24.Qe3 Rb8
25.cxb5 cxb5 26.c6 Ba8 27.Rd1 Rd8 28.Qc3 Kg7 29.Rd6 b4 30.Qd3 bxa3 31.Ng5 a2
32.Rxa2 Nd5 33.Bxd5 Qa7+ 34.Kh1 exd5 35.Qxg3 Qb8 36.f5 Qb1+ 37.Kh2 Rxd6 38.f6+ Kg8
39.exd6 Qxa2 40.d7  1-0

[Event "Budapest FS05 IM"]
[Site "Budapest"]
[Date "1995.??.??"]
[Round "8"]
[White "Jamrich, Gyorgy"]
[Black "Shurygin, Sergey"]
[Result "1-0"]
[WhiteElo "2195"]
[BlackElo "2295"]

1.e4 g6 2.Nc3 c6 3.d4 Bg7 4.Be3 d5 5.f3 h5 6.Qd2 Nh6 7.Be2 dxe4 8.fxe4 Ng4
9.Bxg4 hxg4 10.O-O-O Nd7 11.Nge2 Nf6 12.Kb1 b6 13.Bg5 O-O 14.Bh6 Kh7 15.Bxg7 Kxg7
16.h3 Rh8 17.hxg4 Bxg4 18.Qf4 Qd7 19.Rhf1 Raf8 20.d5 Bxe2 21.Nxe2 Qg4 22.d6 Qxf4
23.Nxf4 e5 24.Nd3 Nd7 25.Nb4 Rc8 26.Rf3 Rh4 27.Rdf1 f6 28.Na6 Rxe4 29.Nc7 Kf7
30.Rh3 Nf8 31.Rc3 c5 32.Ra3 a5 33.Rb3 Rb4 34.Nd5 Rxb3 35.Rxf6+ Kg7 36.axb3 Rd8
37.c4 Rd7 38.Kc2 Nh7 39.Re6 Ng5 40.Rxe5 Nf7 41.Re6 Rxd6 42.Rxd6 Nxd6 43.Nxb6 Kf7
44.Kd3 Ke6 45.Na4 Nb7 46.Ke4 g5 47.g3 Nd6+ 48.Kf3 Nb7 49.Kg4 Kf6 50.Kh5 Kf5
51.g4+ Kf4 52.Nb6 Nd6 53.Nd5+ Ke5 54.Kxg5 Ne4+ 55.Kh6 Nd2 56.g5 Nxb3 57.g6 Nd4
58.Ne7 Ne6 59.Nc6+ Ke4 60.Nxa5 Kd3 61.g7 Nxg7 62.Kxg7 Kc2 63.Kf6  1-0

[Event "Budapest FS04 IM"]
[Site "Budapest"]
[Date "1995.??.??"]
[Round "8"]
[White "Estrada Nieto, Julian"]
[Black "Peredy, Ferenc"]
[Result "1/2-1/2"]
[WhiteElo "2340"]
[BlackElo "2230"]

1.e4 g6 2.d4 Bg7 3.Nc3 c6 4.Nf3 d6 5.h3 Nf6 6.Be2 O-O 7.O-O Nbd7 8.a4 e5
9.dxe5 dxe5 10.Be3 Qe7 11.Nd2 Nc5 12.Bc4 Ne6 13.Nf3 Rd8 14.Qb1 Nd4 15.Ng5 Ne6
16.Nxe6 Bxe6 17.Qa2 Bxc4 18.Qxc4 Bf8 19.a5 Qb4 20.Qxb4 Bxb4 21.Ra4 Be7 22.Rc4 a6
23.Na4 Re8 24.Bg5 Kg7 25.Be3 Bd6 26.Rd1 Rad8 27.Bb6 Rd7 28.Kf1 Be7 29.Ke2 Rxd1
30.Kxd1 Nd7 31.Be3 Nf8 32.Ke2 Ne6  1/2-1/2

[Event "HUN-ch (Women)"]
[Site "Budapest"]
[Date "1995.??.??"]
[Round "8"]
[White "Forgo, Eva"]
[Black "Horvath, Julia"]
[Result "1/2-1/2"]
[WhiteElo "2250"]
[BlackElo "2270"]

1.e4 c6 2.Nc3 g6 3.d4 Bg7 4.Nf3 d5 5.h3 Nf6 6.Bd3 dxe4 7.Nxe4 Nbd7 8.c3 O-O
9.O-O Nxe4 10.Bxe4 Nf6 11.Bc2 Qc7 12.Re1 b6 13.Ne5 Bb7 14.Bf4 Qd8 15.Qe2 Nd5
16.Bg3 e6 17.Rad1 a5 18.Qd2 b5 19.Nd3 Ba6 20.Nc5 b4 21.Bb3 bxc3 22.bxc3 Re8
23.Rb1 Nb6 24.Qb2 Bc4 25.Nb7 Qd5 26.Nd6 Bxb3 27.Nxe8 Nc4 28.Qxb3 Rxe8 29.Red1 h5
30.Qb7 a4 31.Qa7 a3 32.Rb7 Rf8 33.Re1 Qg5 34.Rb3 h4 35.Bc7 Nd2 36.Re3 Nxb3
37.axb3 Qe7 38.Qa5 Rc8 39.Bb6 Qb7 40.Re1 Ra8 41.Qb4 a2 42.Ra1 e5 43.Ba5 Qxb4
44.cxb4 exd4 45.Rxa2 Bh6 46.Ra1 d3 47.Rd1 d2 48.Kf1 Rb8 49.b5 Rxb5 50.Bxd2 Bxd2
51.Rxd2 Rxb3 52.Rc2 Rb6 53.Rc4 g5 54.f4 f6 55.fxg5 fxg5 56.Rc5  1/2-1/2

[Event "Budapest FS06 GM"]
[Site "Budapest"]
[Date "1995.??.??"]
[Round "9"]
[White "Metz, Hartmut"]
[Black "Finkel, Alexander"]
[Result "1/2-1/2"]
[WhiteElo "2315"]
[BlackElo "2505"]

1.e4 g6 2.d4 Bg7 3.Nc3 c6 4.Be3 d5 5.e5 f6 6.f4 Nh6 7.Nf3 Bg4 8.Bd3 O-O 9.Qd2 Nd7
10.Ne2 Rc8 11.O-O e6 12.exf6 Nxf6 13.Ng3 Nf5 14.Ne5 b6 15.c3 Rc7 16.Nh1 Nxe3
17.Qxe3 Bf5 18.Be2 c5 19.Nf2 cxd4 20.cxd4 Nd7 21.Rac1 Rxc1 22.Rxc1 Nxe5 23.dxe5 h5
24.g3 Rf7 25.h3 Rc7 26.g4 hxg4 27.hxg4 Bc2 28.Kg2 g5 29.f5 exf5 30.Qd2 Ba4
31.gxf5 Bxe5 32.Bf3 Rxc1 33.Qxc1 Be8 34.Ng4 Bg7 35.b3 d4 36.Be4 Bf7 37.Qc6 d3
38.Nh6+ Bxh6 39.Qxh6 Qd4 40.Qxg5+ Kf8 41.Qh6+ Ke7 42.Qh4+ Kd6 43.Qg3+ Kc5
44.Qxd3 Qxd3 45.Bxd3 Kd4 46.Bb5 Ke5 47.Bd7 a5 48.Kg3 a4 49.bxa4 Bxa2 50.Kg4 Kf6
51.Kf4 Bb3 52.Ke4 Bc2+ 53.Kd5 Bxa4 54.Bxa4 Kxf5 55.Kc6 Ke5 56.Kxb6  1/2-1/2

[Event "Budapest Mediflora"]
[Site "Budapest"]
[Date "1995.??.??"]
[Round "9"]
[White "Almasi, Istvan"]
[Black "Bilek, Istvan"]
[Result "1-0"]
[WhiteElo "2375"]
[BlackElo "2395"]

1.e4 g6 2.d4 Bg7 3.Nc3 c6 4.Bc4 d6 5.Qf3 e6 6.Nge2 d5 7.Bd3 Nd7 8.h4 h5 9.Bg5 Bf6
10.Qe3 Be7 11.O-O-O dxe4 12.Nxe4 Ngf6 13.N2c3 Nd5 14.Qf3 Bxg5+ 15.hxg5 Nxc3
16.bxc3 Qe7 17.Rh4 Rf8 18.g4 hxg4 19.Qg3 Kd8 20.Rdh1 e5 21.Rh8 Rxh8 22.Rxh8+ Kc7
23.Bc4 b5 24.dxe5 Nxe5 25.Bxf7 Bb7 26.Rh7 Kb6 27.Qe3+ Ka5 28.Nc5 Bc8 29.c4 b4
30.Nb3+ Ka6 31.c5  1-0

[Event "Budapest FS10 IM-B"]
[Site "Budapest"]
[Date "1995.??.??"]
[Round "10"]
[White "Majigsuren, Dovdon"]
[Black "Touzane, Olivier"]
[Result "0-1"]
[WhiteElo "2155"]
[BlackElo "2250"]

1.e4 g6 2.d4 Bg7 3.Nc3 c6 4.Bc4 d5 5.exd5 b5 6.Bb3 b4 7.Ne4 cxd5 8.Nc5 Nf6
9.Nf3 O-O 10.O-O Nbd7 11.Nd3 a5 12.a3 bxa3 13.Rxa3 Bb7 14.c3 Ne4 15.Bf4 e6
16.Nd2 Ba6 17.Qc2 Qh4 18.Be3 Nxd2 19.Qxd2 Nf6 20.f3 Bxd3 21.Qxd3 Bh6 22.Bxh6 Qxh6
23.Bc2 Nh5 24.Rfa1 Rab8 25.b3 Nf4 26.Qf1 Rfc8 27.c4 dxc4 28.bxc4 Rb2 29.R1a2 Qg7
30.Qf2 Rxa2 31.Rxa2 Rxc4 32.Rxa5 Qxd4 33.Ra2 Ne2+ 34.Kf1 Qxf2+ 35.Kxf2 Nc3
36.Ra8+ Kg7 37.Ke3 Rb4 38.Kd2 Nd5 39.g3 h5 40.Ra3 Rb2 41.Kc1 Rb6 42.Kd2 Kf6
43.Rb3 Ra6 44.Rb2 Ke5 45.Rb7 Kf6 46.Rb2 Ra1 47.Be4 Rh1 48.Kd3 Ne7 49.f4 Rd1+
50.Rd2 Ra1 51.Ke3 Ng8 52.h3 Nh6 53.Kf3 Rh1 54.Kg2 Re1 55.Bf3 Ng8 56.Kf2 Ra1
57.Be4 Ne7 58.g4 h4 59.g5+ Kg7 60.Re2 Nf5 61.Bxf5 gxf5 62.Re3 Kg6 63.Re2 Ra3
64.Re3 Rxe3 65.Kxe3 Kg7 66.Kd3 Kf8 67.Kd4 Ke8 68.Kc4 Kd7 69.Kd3 Kc6 70.Kc4 Kd6
71.Kd4 e5+ 72.fxe5+ Ke6 73.Ke3 Kxe5 74.Kf3  0-1

[Event "HUN-ch (Women)"]
[Site "Budapest"]
[Date "1995.??.??"]
[Round "10"]
[White "Grabics, Monika"]
[Black "Horvath, Julia"]
[Result "0-1"]
[WhiteElo "2315"]
[BlackElo "2270"]

1.e4 c6 2.d4 g6 3.Nc3 Bg7 4.f4 d5 5.e5 h5 6.Be3 Nh6 7.Nf3 Bg4 8.Be2 e6 9.Bf2 Nd7
10.Qd2 Nf5 11.g3 b5 12.h3 Bxf3 13.Bxf3 Bf8 14.O-O-O Nb6 15.g4 Nc4 16.Qd3 Qa5
17.gxf5 Qb4 18.Rdg1 Nxb2 19.Qe3 Nc4 20.Qe1 Qb2+ 21.Kd1 Bb4 22.fxg6 Bxc3 23.gxf7+ Kxf7
24.Rg7+ Kxg7 25.Qg1+ Kf7 26.Qg5 Qb1+ 27.Ke2 Qxc2+ 28.Kf1 Nd2+ 29.Kg2 Rag8  0-1

[Event "Buenos Aires op"]
[Site "Buenos Aires"]
[Date "1995.??.??"]
[Round "6"]
[White "Ginzburg, Maximiliano"]
[Black "Madina, Martin"]
[Result "1-0"]
[WhiteElo "2450"]
[BlackElo "2290"]

1.e4 g6 2.d4 Bg7 3.Nc3 c6 4.Bc4 b5 5.Bb3 b4 6.Nce2 d5 7.exd5 cxd5 8.Bd2 Nc6
9.Ba4 Bd7 10.Bxc6 Bxc6 11.Bxb4 Qb6 12.c3 a5 13.Ba3 Bb5 14.Nh3 Qa6 15.Nhf4 Nf6
16.Nc1 Bh6 17.Ncd3 e5 18.dxe5 O-O-O 19.Qf3 Rhe8 20.Qh3+ Rd7 21.Qxh6 Bxd3
22.O-O-O Ng4 23.Qh4 Nxe5 24.Rhe1 Bf5 25.Re3 d4 26.Ree1 Qc4 27.Rxe5 Rxe5 28.Qf6 dxc3
29.Qh8+ Kb7 30.Rxd7+ Bxd7 31.Qxe5 Qf1+ 32.Kc2 Bf5+ 33.Kxc3 Qc1+ 34.Kd4 Qd2+
35.Kc5 Qc1+ 36.Kd6 Qc7+ 37.Kd5 Qd7+ 38.Qd6 Qb5+ 39.Kd4  1-0

[Event "Buenos Aires tt"]
[Site "Buenos Aires"]
[Date "1995.??.??"]
[Round "7"]
[White "Alonso, Salvador"]
[Black "Fulgenzi, Ernesto"]
[Result "1-0"]
[WhiteElo "2270"]
[BlackElo "2305"]

1.e4 g6 2.d4 Bg7 3.Nc3 c6 4.Nf3 d5 5.h3 Nf6 6.Bd3 dxe4 7.Nxe4 Nxe4 8.Bxe4 Nd7
9.O-O O-O 10.Re1 c5 11.c3 cxd4 12.Nxd4 Nc5 13.Bc2 e5 14.Nb3 Ne6 15.Qxd8 Rxd8
16.Be3 b6 17.a4 Rb8 18.a5 Bf8 19.axb6 axb6 20.Ra7 Nc5 21.Bg5 Rd7 22.Raa1 Bg7
23.Nxc5 bxc5 24.Bc1 Rd8 25.c4 Be6 26.b3 h6 27.Be3 Bf8 28.Ra5 Rbc8 29.Bc1 Bg7
30.Be3 Bf8 31.Kf1 Rd7 32.Ra6 g5 33.g4 Rd6 34.Ra5 Rd7 35.Kg2 f6 36.Kf3 Kf7
37.h4 h5 38.gxh5 gxh4 39.Bg6+ Kg7 40.Rg1 Kh8 41.Ke4 h3 42.Ra6 Bd6 43.Bf5 Bxf5+
44.Kxf5 e4 45.Rh1 h2 46.Bf4 Bxf4 47.Kxf4 Rg8 48.Ra3 Re8 49.Rxh2 Rd2 50.Ke3 Rd3+
51.Ke2 Kh7 52.h6 Re7 53.Rh4 f5 54.Ra5 Rxb3  1-0

[Event "Buenos Aires op"]
[Site "Buenos Aires"]
[Date "1995.??.??"]
[Round "7"]
[White "German, Gustavo"]
[Black "Tempone, Marcelo"]
[Result "0-1"]
[WhiteElo "2340"]
[BlackElo "2415"]

1.e4 g6 2.d4 Bg7 3.Nc3 c6 4.Nf3 d6 5.a4 Nf6 6.Be2 O-O 7.O-O a5 8.Re1 Nbd7
9.h3 Qc7 10.Bf1 e5 11.Be3 Re8 12.Qd2 b6 13.g3 Bb7 14.Bg2 Rad8 15.Rad1 Nf8
16.Qd3 Ne6 17.Qc4 Nxe4 18.Nxe4 d5 19.Qb3 dxe4 20.Nxe5 c5 21.c3 Bd5 22.Qa3 Bxe5
23.dxe5 Qxe5 24.b4 Bc4 25.Rxd8 Rxd8 26.bxa5 bxa5 27.Qb2 Rb8 28.Qd2 Qd5 29.Qc1 Bd3
30.Qa1 Qc4 31.Rc1 Qb3 32.h4 h5 33.Bh3 f5 34.Re1 Qb2 35.Qd1 Qxc3 36.Bd2 Qb3
37.Qc1 Qb2 38.Bxa5 Qxc1 39.Rxc1 Nd4 40.Rd1 c4 41.Kh1 Rb3 42.Bd8 c3 43.Bg5 c2  0-1

[Event "BUL-ch rapid"]
[Site "?"]
[Date "1995.??.??"]
[Round "?"]
[White "Radulski, Julian"]
[Black "Chatalbashev, Boris"]
[Result "0-1"]
[WhiteElo "2380"]
[BlackElo "2435"]

1.e4 g6 2.Nc3 c6 3.d4 Bg7 4.Be2 d6 5.h4 Qb6 6.Nf3 Bg4 7.Ng5 Bxe2 8.Nxe2 Nf6
9.Qd3 O-O 10.h5 e5 11.hxg6 hxg6 12.dxe5 dxe5 13.Qh3 Rd8 14.Qh4 Na6 15.O-O Nb4
16.Be3 Qa6 17.Ng3 Nxc2 18.Rac1 Qd3 19.Rxc2 Qxc2 20.f4 Rd1 21.fxe5 Rxf1+ 22.Nxf1 Nh5
23.g4 f6 24.exf6 Nxf6 25.e5 Rf8 26.exf6 Rxf6 27.Qh7+ Kf8 28.Qh3 Kg8 29.b4 b6
30.a3 Qe2 31.Qh7+ Kf8 32.Qh3 Kg8 33.Bc1 Rxf1+  0-1

[Event "Caceres"]
[Site "Caceres"]
[Date "1995.??.??"]
[Round "?"]
[White "Rojo Huerta, Gabriel"]
[Black "Carrasco Martinez, Juan M"]
[Result "1/2-1/2"]
[WhiteElo "2365"]
[BlackElo "2300"]

1.e4 g6 2.d4 Bg7 3.Nc3 c6 4.Nf3 d5 5.h3 Nh6 6.Bd3 O-O 7.O-O f6 8.exd5 cxd5
9.Ne2 Nf7 10.c4 Nc6 11.cxd5 Qxd5 12.Nf4 Qd6 13.Bc4 Na5 14.Be2 b6 15.Nd3 Bb7
16.Bd2 Nc6 17.Bc3 Rad8 18.Qb3 Bc8 19.Rad1 Be6 20.Qa4 a5 21.b4 Bd7 22.Qb3 Be6
23.Qb2 Bd5 24.bxa5 bxa5 25.Nc5 Rb8 26.Qc2 f5 27.Qa4  1/2-1/2

[Event "Canberra"]
[Site "Canberra"]
[Date "1995.??.??"]
[Round "5"]
[White "Canfell, Gregory"]
[Black "Dinh Duc Trong"]
[Result "0-1"]
[WhiteElo "2285"]
[BlackElo "2240"]

1.e4 g6 2.d4 Bg7 3.Nc3 c6 4.Bc4 d6 5.Qf3 e6 6.Nge2 Nd7 7.Bf4 Qe7 8.Qg3 e5
9.Bg5 Ngf6 10.dxe5 dxe5 11.O-O h6 12.Be3 Nh5 13.Qf3 Ndf6 14.h3 g5 15.g4 Nf4
16.Bxf4 gxf4 17.Kg2 h5 18.gxh5 Nh7 19.Ng1 Ng5 20.Qd1 f3+ 21.Nxf3 Bxh3+ 22.Kg1 Bg4
23.Be2 Nh3+ 24.Kh1 Rxh5 25.Nh2 Bxe2 26.Qxe2 Nf4 27.Qf3 Qh4 28.Qg3 O-O-O 29.Qxh4 Rxh4
30.Kg1 Rdh8  0-1

[Event "Cannes op"]
[Site "Cannes"]
[Date "1995.??.??"]
[Round "1"]
[White "Guido, Flavio"]
[Black "Haik, Aldo"]
[Result "1/2-1/2"]
[WhiteElo "2330"]
[BlackElo "2435"]

1.e4 g6 2.d4 Bg7 3.Nc3 c6 4.f4 d5 5.e5 h5 6.Nf3 Bg4 7.Be2 Nh6 8.Be3 Nf5 9.Bf2 e6
10.g3 Bf8 11.a3 h4 12.Nxh4 Bxe2 13.Nxe2 Nxh4 14.gxh4 Be7 15.Ng1 Bxh4 16.Nf3 Be7
17.Qd3 Qa5+ 18.Qd2 Qxd2+ 19.Kxd2 Na6 20.Rag1 Nc7 21.Rg4 Kd7 22.Bh4 Ne8 23.Bxe7 Kxe7
24.Re1 Ng7 25.Re3 Nf5 26.Rb3 b6 27.Ke2 Rh3 28.Kf2 Rah8 29.Rc3 Rxf3+ 30.Kxf3 Nxd4+
31.Kg2 c5 32.a4 Kf8 33.h3 Kg7 34.Kf2 Nf5 35.Ke1 d4 36.Rf3 Kf8 37.Kd2 Ke7
38.Rg1 Rd8 39.Rb3 Rh8 40.a5 Ne3 41.axb6 axb6 42.Rh1 Nd5 43.Ra1 Rh4 44.Rf1 c4
45.Ra3 c3+ 46.Kd3 cxb2 47.Rb3 Nxf4+ 48.Kxd4 Nd5+ 49.Kd3 Rxh3+ 50.Kd4 Rh4+
51.Kd3 Nf4+ 52.Ke3 g5 53.Rxb2 Ng6 54.Rb5 Rc4 55.Kd3 Rc6 56.Rg1 f6 57.exf6+ Kxf6
58.Rbxg5 Ne5+ 59.Ke4 Rxc2 60.Rg8 Rc4+ 61.Ke3 b5 62.Rf1+ Ke7 63.Rb8 Rc5 64.Rb1 Nc4+
65.Kd4 Rd5+ 66.Kc3 Nd6 67.Rh1 Kd7 68.Rh7+ Kc6 69.Rh6 Rc5+ 70.Kd3 Kd5 71.Rd8 Ke5
72.Rh1 Rd5+ 73.Kc2 Rc5+ 74.Kd3 Nf5 75.Re1+ Kf6  1/2-1/2

[Event "Cannes Martinez op"]
[Site "Cannes"]
[Date "1995.??.??"]
[Round "1"]
[White "Lanka, Zigurds"]
[Black "Trommsdorf, Fro"]
[Result "1-0"]
[WhiteElo "2480"]
[BlackElo "2185"]

1.e4 g6 2.d4 Bg7 3.Nc3 c6 4.f4 d5 5.e5 f6 6.Be3 Nh6 7.h3 Nf5 8.Bf2 fxe5 9.dxe5 d4
10.Nce2 O-O 11.Qd2 c5 12.g4 Nh6 13.Nf3 Nc6 14.Bg2 Be6 15.O-O Bd5 16.Bg3 Qb6
17.b3 Rad8 18.Kh2 Be4 19.Nc1 Nb4 20.Nd3 Nd5 21.Nh4 Nc3 22.a3 Qc6 23.Rae1 Bxg2
24.Nxg2 Ne4 25.Qe2 Nxg3 26.Kxg3 e6 27.Nh4 b5 28.b4 c4 29.Nc5 a5 30.Nf3 Rd5
31.Qe4 Rfd8 32.Nxd4 Qxc5 33.bxc5 Rxd4 34.Qc6 b4 35.Qxe6+ Nf7 36.c6  1-0

[Event "Cannes op"]
[Site "Cannes"]
[Date "1995.??.??"]
[Round "3"]
[White "Mazi, Leon"]
[Black "Letreguilly, Olivier"]
[Result "1-0"]
[WhiteElo "2360"]
[BlackElo "2300"]

1.e4 g6 2.d4 Bg7 3.Nc3 c6 4.Nf3 d6 5.h3 b5 6.Be3 a6 7.Bd3 Nd7 8.O-O Qc7 9.Re1 e5
10.Qd2 Ngf6 11.Bh6 O-O 12.Qg5 Re8 13.Ne2 Nf8 14.Qh4 c5 15.c3 Rb8 16.Ng3 b4
17.dxe5 dxe5 18.Bg5 Rb6 19.Rac1 a5 20.Re2 Ne6 21.Bc4 Nf4 22.Rec2 Bb7 23.cxb4 axb4
24.Bb3 Nxe4 25.Nxe4 Bxe4 26.Rxc5 Qd6 27.Bxf4 Bxf3 28.Be3 g5 29.Qc4 Bh5 30.Rd5 Qc6
31.Bxb6 Qxb6 32.Rb5 Qd8 33.Qxb4 e4 34.Rd5 Qf6 35.Qc3 Qf4 36.Qe3 Be5 37.Qxf4 Bxf4  1-0

[Event "Cannes Martinez op"]
[Site "Cannes"]
[Date "1995.??.??"]
[Round "5"]
[White "Levacic, Patrick"]
[Black "Trommsdorf, Fro"]
[Result "1/2-1/2"]
[WhiteElo "2345"]
[BlackElo "2185"]

1.e4 g6 2.d4 Bg7 3.Nc3 c6 4.Nf3 d5 5.h3 Be6 6.Ng5 Bd7 7.Qf3 f6 8.Nxh7 Rxh7
9.exd5 Nh6 10.Bf4 Nf5 11.Bd3 Kf8 12.O-O cxd5 13.Qxd5 Nc6 14.Bc4 e6 15.Qe4 Ncxd4
16.Qxb7 Bc6 17.Qb4+ Qe7 18.Qxe7+ Kxe7 19.Bd3 Bh6 20.Bc7 Nh4 21.Be4 Ne2+ 22.Kh1 Nxc3
23.Bxc6 Rc8 24.Ba5 Rxc6 25.Bb4+ Ke8 26.Bxc3 e5 27.Rfe1 Nf5 28.g4 Ne7 29.Rad1 Bf4
30.Kg2 Nc8 31.Rd5 Nb6 32.Ra5 Rd7 33.h4 Nd5 34.Rd1 Nxc3 35.Rxd7 Kxd7 36.Rxa7+ Ke8
37.bxc3 Rxc3 38.h5 gxh5 39.gxh5 Rxc2 40.Kf3 Bg5 41.a4 Bh4 42.h6 Rxf2+ 43.Ke4 Rh2
44.h7 f5+ 45.Kxe5  1/2-1/2